000 00458nam a22001817a 4500
005 20251108173521.0
008 250721s2005 xx 000 0 eng d
020 _a812971017X
082 1 4 _a004/MOR
100 1 _aMaran, Matthew
245 1 4 _aThe IT Career Builders ToolKit /
264 1 _aNew Delhi :
_bPearson Education,
_c2005.
300 _a280P.
650 1 7 _aINFORMATION TECNOLOGY
650 1 7 _aCOMPUTER
942 _2ddc
_cBK
999 _c105771
_d105771